000 01036nam a2200289 a 4500
001 000044805
005 20240412074303.0
008 150113s2014 pr a 000 p spa d
020 _a9789945581171
040 _aDO-SdBNP
_bspa
_cBNPHU
082 _aRD861.5
_bT853u, 2014
100 1 _aTroncoso, Abril
_972828
245 1 0 _aUanabí /
_cAbril Troncoso ; prólogo Juan Ysidro Núñez y Valentín Amaro.
250 _a2a ed.
260 _aSan Juan, Puerto Rico :
_bIsla Negra,
_c2014.
300 _a60 p. :
_bil. ;
_c22 cm.
490 1 _aJosemilio González
500 _aFinalista en el Premio Miriam Beras Porrata, Poeta Universitaria, 2012.
500 _aIncluye datos biográficos de la autora en la solapa de la cubierta
590 _aInventariado, 2019 / DG
650 0 _aPoesía dominicana
_966
650 0 _aLiteratura dominicana.
_967
700 1 2 _aNúñez, Juan Ysidro,
_epról.
_972829
700 1 2 _aAmaro, Valentín,
_eed.
_912295
830 0 _aJosemilio González
_96541
910 _aValidado. Control de calidad MFF
999 _c44294
_d44294